Fourier transforms and their physical applications
Uloženo v:
| Hlavní autor: | |
|---|---|
| Médium: | Kniha |
| Jazyk: | angličtina |
| Vydáno: |
Nueva York
Academic Press
1973
|
| Edice: | Techniques of Physics
|
| Témata: | |
| Tagy: |
Přidat tag
Žádné tagy, Buďte první, kdo vytvoří štítek k tomuto záznamu!
|
MARC
| LEADER | 00000nam a2200000 a 4500 | ||
|---|---|---|---|
| 001 | UCP1424 | ||
| 003 | CL-VaPUC | ||
| 008 | 990409e19730000US |||||||||||||||||eng|d | ||
| 082 | 0 | 4 | |a 515.243 |b CHA |2 21 |
| 100 | 0 | |a Champeney, D. C |e author |9 427468 | |
| 245 | 1 | 0 | |a Fourier transforms and their physical applications |
| 300 | |a 256 p | ||
| 942 | |c BK | ||
| 945 | |d 19990409 00:00:00 |a crobeson | ||
| 260 | |a Nueva York |b Academic Press |c 1973 | ||
| 650 | 0 | |a Transformada de Fourier |9 425331 | |
| 650 | 0 | |a Física matemática |9 260981 | |
| 650 | 0 | |a Análisis de Fourier |9 260464 | |
| 650 | 0 | |a Series de Fourier |9 260465 | |
| 650 | 7 | |a INTEGRALES DE FOURIER |2 CL-VaPUC |9 427469 | |
| 650 | 0 | |a Sistemas lineales |9 384816 | |
| 650 | 7 | |a CONVOLUCION |2 CL-VaPUC |9 427446 | |
| 583 | |a last modification |c 19990409 00:00:00 |k Rodrigo Vera | ||
| 490 | 0 | |a Techniques of Physics | |
| 999 | |c 280102 |d 280100 | ||
| 952 | |0 0 |1 0 |4 0 |6 515_243000000000000_CHA_1973 |7 0 |8 A |9 320108 |a BIBMAT |b BIBMAT |d 2019-11-20 |i 1340794 |o 515.243 CHA 1973 |p 1340794 |r 2025-01-07 |w 2019-11-20 |y BK |k MAT | ||